<?xml version="1.0" encoding="UTF-8"?>
<record
    xmlns:xsi="http://www.w3.org/2001/XMLSchema-instance"
    xsi:schemaLocation="http://www.loc.gov/MARC21/slim http://www.loc.gov/standards/marcxml/schema/MARC21slim.xsd"
    xmlns="http://www.loc.gov/MARC21/slim">

  <leader>00448    a2200133   4500</leader>
  <controlfield tag="001">ART_12724</controlfield>
  <controlfield tag="005">20260410161909.0</controlfield>
  <controlfield tag="008">260409a                                 </controlfield>
  <datafield tag="245" ind1="1" ind2="0">
    <subfield code="a">A synthesis of Monetarian and Keynesian approaches to Short-run-balance-of-payments theory</subfield>
  </datafield>
  <datafield tag="100" ind1="1" ind2=" ">
    <subfield code="a">Frenkel, Jacob</subfield>
  </datafield>
  <datafield tag="700" ind1="1" ind2=" ">
    <subfield code="a">Gylfason, Thorvaldur</subfield>
  </datafield>
  <datafield tag="700" ind1="1" ind2=" ">
    <subfield code="a">Helliwell, John F.</subfield>
  </datafield>
  <datafield tag="773" ind1="0" ind2=" ">
    <subfield code="t">The Economic Journal</subfield>
    <subfield code="g">- Vol. 90, N&#xBA; 359 (set. 1980)</subfield>
    <subfield code="w">REV12512</subfield>
  </datafield>
  <datafield tag="999" ind1=" " ind2=" ">
    <subfield code="c">26617</subfield>
    <subfield code="d">26617</subfield>
  </datafield>
</record>
